000 00406nam a22001217a 4500
082 _a220 PRO
100 _aAIMA NADEEM AMARA AZMAT AYESHA TUFAIL SONIA UMAR
_971342
245 _aPR-SOF-1632-SMART AIMER FOR ROCKET PROPELLED GRENADE (RPG-7)
260 _aISLAMABAD
_bNUST COLLEGE OF EME
_c2017
650 _aDE-ELECT-35
_970874
700 _aDR MUHAMMAD BILAL MALIK LEC KAMRN AZIZ BHATTI
_971343
942 _cCR
999 _c577913
_d577913